00695 2200229 4500001002100000005001700021008004100038020001800079035002400097041000800121043001200129082001700141090002700158100002200185245007100207260006600278300003500344500002600379650002700405850001200432999002100444YOGYA-0511000000053320161011101242.0 ind  a979-9246-61-x 0010-051100000000533 aInd aYOPDYOG a398.30954811 aDEP 398.30954811 Tha A aTHALIB, Musthamir aHang Tuahc/ Penullis, Mosthamir Thalib ; Editor, Mahyudin M Mudra aYogyakartabBalai kajian dan pengembangan budaya melayuc2003 aix, 103 hlm.b: ilus.c; 19 cm aBibliografi : hlm. 99 aCerita rakyat - melayu aYOPDYOG aCB-D.11/2003-339